[Event "Challenge"]
[Site "http://www.queenalice.com/game.php?id=184966"]
[Date "2007.3.20"]
[Round "-"]
[White "jordanou"]
[Black "dimis283"]
[Result "0-1"]
[WhiteElo "1489"]
[BlackElo "2085"]

1. e4 e6 2. Nf3 c5 3. Ne5 Nf6 4. Nc3 Be7 5. Qf3 O-O 6. Bd3 d6 7. Ng4 Nc6 8. Qg3
Nxg4 9. Qxg4 Ne5 10. Qg3 Nxd3+ 11. cxd3 d5 12. exd5 exd5 13. b3 Bh4 14. Qf3 Re8+
15. Ne2 Bf6 16. O-O Bxa1 17. Ba3 Bf6 18. Bxc5 Be6 19. Nf4 Rc8 20. Nh5 Kh8 21.
Ba3 Rc2 22. Qd1 Rxa2 23. Bc5 g6 24. Nf4 Qc7 25. Nxe6 Rxe6 26. Be3 Kg7 27. g3 h6
28. d4 Qb6 29. Qb1 Ra3 30. Qc1 Rxb3 31. d3 Bxd4 32. Bxh6+ Kg8 33. Qc8+ Kh7 34.
Qf8 Qd6 35. Qxd6 Rxd6 36. Be3 Bxe3 37. fxe3 Kg7 38. Rd1 Rc6 39. e4 dxe4 40. dxe4
Rc2 41. e5 Rbb2 42. e6 fxe6 43. h4 Rg2+ 44. Kf1 Rbd2 45. Re1 Rdf2# 0-1

[Event "AUTO-INT-388"]
[Site "http://www.queenalice.com/game.php?id=185151"]
[Date "2007.3.20"]
[Round "1"]
[White "kloosterveen"]
[Black "jordanou"]
[Result "1-0"]
[WhiteElo "1725"]
[BlackElo "1548"]

1. d4 e6 2. c4 Bb4+ 3. Bd2 Bxd2+ 4. Nxd2 Nf6 5. e3 O-O 6. g3 d5 7. Bg2 c6 8.
Ngf3 Qa5 9. O-O dxc4 10. Nxc4 Qd5 11. Nfd2 Qg5 12. Nd6 Rd8 13. N2c4 b5 14. Nxc8
bxc4 15. Ne7+ Kf8 16. Nxc6 Nxc6 17. Bxc6 Ng4 18. Bxa8 Qh5 19. h4 Rxa8 20. Rc1
Rc8 21. b3 c3 22. Qd3 g5 23. f3 Nf6 24. Rxc3 Rxc3 25. Qxc3 gxh4 26. Kf2 hxg3+
27. Kxg3 Qg5+ 28. Kf2 Qh4+ 29. Ke2 Qh2+ 30. Rf2 Qg3 31. Qc5+ Kg7 32. Qxa7 Qd6
33. Qc5 Qg3 34. Qe5 Qg1 35. a4 Qb1 36. Qb5 Qb2+ 37. Kf1 Qc1+ 38. Kg2 Qxe3 39.
Qc4 e5 40. dxe5 Qxe5 41. Re2 Qg5+ 42. Kf2 Nd5 43. Qg4 Qxg4 44. fxg4 Nf4 45. Ra2
Kg6 46. Kf3 Nd5 47. a5 f5 48. gxf5+ Kxf5 49. a6 Nc7 50. a7 h5 51. a8=Q Nxa8 52.
Rxa8 Kg5 53. Kg3 h4+ 54. Kh3 1-0

[Event "AUTO-INT-388"]
[Site "http://www.queenalice.com/game.php?id=185152"]
[Date "2007.3.20"]
[Round "1"]
[White "jordanou"]
[Black "kloosterveen"]
[Result "1-0"]
[WhiteElo "1487"]
[BlackElo "1760"]

1. e4 g6 2. Qf3 Bg7 3. Bc4 e6 4. Nh3 Nc6 5. O-O Nge7 6. Nc3 O-O 7. Ng5 f5 8. Qh3
h6 9. Nf3 b6 10. d3 Ne5 11. Nxe5 Bxe5 12. Bxh6 Rf7 13. Bg5 Rh7 14. Bh4 g5 15.
exf5 Rxh4 16. Qe3 Bxc3 17. Qxg5+ Bg7 18. Qxh4 Qf8 19. fxe6 dxe6 20. d4 Nf5 21.
Qg5 Qf6 22. Qh5 Nxd4 23. Bd3 Bb7 24. Qh7+ Kf8 25. Be4 Bxe4 26. Qxe4 Rb8 27. Rad1
Nf5 28. Rd7 Rc8 29. Qb4+ Kg8 30. h3 Qxb2 31. Qc4 Qe5 32. Rfd1 Nd6 33. R7xd6 Rf8
34. Rxe6 Qb2 35. Rxb6+ 1-0

[Event "AUTO-INT-388"]
[Site "http://www.queenalice.com/game.php?id=185167"]
[Date "2007.3.20"]
[Round "1"]
[White "Bernobr"]
[Black "jordanou"]
[Result "1-0"]
[WhiteElo "1811"]
[BlackElo "1497"]

1. e4 e5 2. Nc3 Bb4 3. Nge2 Nf6 4. g3 O-O 5. Bg2 d6 6. a3 Bxc3 7. bxc3 Nc6 8. d3
Bg4 9. h3 Bxe2 10. Qxe2 b5 11. Rb1 a6 12. f4 Qe7 13. f5 Rab8 14. g4 d5 15. g5
Ne8 16. exd5 Na5 17. O-O Rb6 18. Be3 c5 19. Rf2 f6 20. g6 Rf7 21. gxf7+ Qxf7 22.
Bxc5 Rb7 23. Bb4 Nc4 24. dxc4 g6 25. c5 gxf5 26. Rxf5 Ng7 27. Qg4 Rd7 28. Rxf6
Qxf6 29. Qxd7 Qf4 30. Rf1 Qe3+ 31. Kh2 Nh5 32. Qe6+ Kh8 33. Rf8+ Kg7 34. Rg8#
1-0

[Event "AUTO-INT-388"]
[Site "http://www.queenalice.com/game.php?id=185168"]
[Date "2007.3.20"]
[Round "1"]
[White "jordanou"]
[Black "Bernobr"]
[Result "0-1"]
[WhiteElo "1494"]
[BlackElo "1776"]

1. e4 c5 2. Bc4 Nc6 3. Qf3 Ne5 4. Qc3 Nxc4 5. Qxc4 d6 6. Nf3 Nf6 7. Ng5 e6 8.
O-O Be7 9. f3 O-O 10. d4 cxd4 11. Qxd4 Bd7 12. e5 dxe5 13. Qd3 Qb6+ 14. Be3 Bc5
15. Bxc5 Qxc5+ 16. Rf2 Bb5 17. Qd1 Rfd8 18. Nd2 Rd7 19. Nge4 Nxe4 20. fxe4 Rad8
21. Qf3 Rxd2 22. h3 Rxf2 23. Qxf2 Qxf2+ 24. Kxf2 Rd2+ 25. Kg3 Rxc2 26. b3 Bc6
27. Rd1 Kf8 28. Rd8+ Ke7 29. Rd3 Rxa2 30. Kf3 Ra3 31. g4 Ba4 32. Rc3 Rxb3 33.
Rxb3 Bxb3 34. h4 a5 35. g5 a4 36. Kg4 a3 37. h5 a2 38. h6 g6 0-1

[Event "AUTO-INT-388"]
[Site "http://www.queenalice.com/game.php?id=185177"]
[Date "2007.3.20"]
[Round "1"]
[White "mast"]
[Black "jordanou"]
[Result "0-1"]
[WhiteElo "1553"]
[BlackElo "1531"]

1. e4 e5 2. Nf3 Bd6 3. Bc4 h6 4. a3 Nf6 5. d3 c6 6. Be3 b5 7. Bb3 Na6 8. Nbd2
Bc5 9. Bxc5 Nxc5 10. h3 d6 11. O-O g6 12. Ba2 a5 13. b4 axb4 14. axb4 Na4 15.
Nb1 Be6 16. Bb3 Nb2 17. Rxa8 Bc8 18. Qc1 Na4 19. Bxa4 bxa4 20. Qa3 Ke7 21. Qxa4
Qb6 22. Nc3 g5 23. Ra7+ Nd7 24. Ra1 Bb7 25. Nd2 Ra8 26. Rxa8 Bxa8 27. Qxa8 Ke6
28. Nc4 Qd4 29. Ne2 Qxa1+ 30. Kh2 Qxa8 31. Ng3 d5 32. exd5+ cxd5 33. Ne3 h5 34.
Nxh5 d4 35. Nc4 Qb8 36. Ng3 Qh8 37. f3 Nf6 38. Ne4 Nxe4 39. fxe4 g4 40. Nd2 gxh3
41. gxh3 Qb8 42. h4 Qxb4 43. Nf3 Qb2 44. h5 Qxc2+ 45. Kg3 Qxd3 0-1

[Event "AUTO-INT-388"]
[Site "http://www.queenalice.com/game.php?id=185178"]
[Date "2007.3.20"]
[Round "1"]
[White "jordanou"]
[Black "mast"]
[Result "1-0"]
[WhiteElo "1514"]
[BlackElo "1548"]

1. e4 e5 2. Nf3 Nf6 3. Nxe5 d6 4. Nc4 Qe7 5. d3 Ng4 6. Be2 h6 7. Bxg4 Bxg4 8.
Qxg4 b5 9. Ne3 Qg5 10. Qc8+ Qd8 11. Qb7 Nd7 12. Nd5 Rc8 13. Qxb5 c6 14. Qb7 cxd5
15. Qxd5 Rxc2 16. Nc3 Qf6 17. O-O Nb6 18. Qc6+ Nd7 19. Qa8+ Qd8 20. Qxa7 Be7 21.
Nd5 Rc7 22. Nxc7+ Kf8 23. Bf4 Nc5 24. Nd5 Nxd3 25. Rad1 Nxf4 26. Nxf4 g5 27. Nd5
Bf6 28. Rfe1 Bxb2 29. Rb1 Kg7 30. Rxb2 Re8 31. Qd4+ Kg6 32. Rbe2 Qd7 33. Qf6+
Kh7 34. e5 Re6 35. Qf5+ Kg7 36. h3 Qd8 37. f4 gxf4 38. Nxf4 Rxe5 39. Rxe5 dxe5
40. Nh5+ Kf8 41. Qxe5 Qb6+ 42. Kh2 1-0

[Event "QA-ANNIV-03"]
[Site "http://www.queenalice.com/game.php?id=225838"]
[Date "2007.6.15"]
[Round "1"]
[White "jordanou"]
[Black "eagacunha"]
[Result "0-1"]
[WhiteElo "1539"]
[BlackElo "2390"]

1. e4 c5 2. Bc4 e6 3. Nf3 Nc6 4. O-O d5 5. exd5 exd5 6. Bb5 Bd6 7. d4 Ne7 8.
Bxc6+ bxc6 9. dxc5 Bxc5 10. Qe1 Ba6 11. Nbd2 Bxf1 12. Nxf1 O-O 13. b4 Bd6 14.
Ng5 a5 15. Qc3 axb4 16. Qd3 Ng6 17. Qh3 h6 18. Nf3 Qf6 19. Bxh6 Qxa1 20. Be3 Nf4
21. Bxf4 Bxf4 22. Nh4 Rxa2 23. Nf5 Re8 24. g3 Qd1 25. gxf4 Qxc2 26. N5g3 Qxf2+
27. Kh1 Qf3+ 28. Kg1 f5 29. Ne3 Rxe3 30. Qf1 Re1 31. Qxe1 Qg2# 0-1

[Event "Challenge"]
[Site "http://www.queenalice.com/game.php?id=244925"]
[Date "2007.7.24"]
[Round "-"]
[White "rafaelbdb"]
[Black "jordanou"]
[Result "0-1"]
[WhiteElo "1269"]
[BlackElo "1529"]

1. e4 e5 2. Nf3 d6 3. Nc3 Be6 4. Be2 c6 5. O-O Nd7 6. d4 f6 7. d5 cxd5 8. exd5
Bf5 9. Be3 b6 10. Bb5 e4 11. Nh4 g6 12. Nxf5 gxf5 13. Qd4 Rc8 14. Rfe1 Rc5 15.
Qb4 a5 16. Bxd7+ Qxd7 0-1

[Event "QA-ANNIV-03"]
[Site "http://www.queenalice.com/game.php?id=246732"]
[Date "2007.7.27"]
[Round "2"]
[White "jordanou"]
[Black "serginh0w"]
[Result "0-1"]
[WhiteElo "1537"]
[BlackElo "1738"]

1. e4 e5 2. Nf3 Nc6 3. d3 Nf6 4. Be2 d5 5. exd5 Nxd5 6. Bg5 Be7 7. h4 Bg4 8.
Bxe7 Qxe7 9. Ng5 Bxe2 10. Qxe2 O-O 11. Qe4 Nf6 12. Qf5 Nd4 13. Qh3 Nxc2+ 14. Kd1
Nxa1 15. Nc3 Qb4 16. Kc1 Rad8 17. Kb1 Nb3 18. axb3 Qxb3 19. Nge4 Nd5 0-1

[Event "AUTO-OPEN-1061"]
[Site "http://www.queenalice.com/game.php?id=373506"]
[Date "2008.3.19"]
[Round "1"]
[White "jordanou"]
[Black "Endy"]
[Result "0-1"]
[WhiteElo "1568"]
[BlackElo "1928"]

1. e4 e5 2. Nf3 d6 3. Nc3 Be6 4. Bb5+ c6 5. Ba4 b5 6. Bb3 Nf6 7. Bxe6 fxe6 8.
O-O Be7 9. d3 Nbd7 10. b4 O-O 11. d4 exd4 12. Nxd4 Qb6 13. Nxe6 Rfc8 14. Be3 c5
15. Qf3 Nf8 16. Nd5 Nxd5 17. exd5 Nxe6 18. dxe6 Rf8 19. Qg3 Rf6 20. Rac1 Rxe6
21. Rce1 Qc7 22. Qf3 Rf8 23. Qg4 Rg6 24. Qe4 Bf6 25. Qd5+ Kh8 26. bxc5 dxc5 27.
Bxc5 Rd8 28. Bd6 Qd7 29. g3 Rg5 30. Qd2 h6 31. f4 Rh5 32. Rf2 Qxd6 33. Qxd6 Rxd6
34. Re8+ Kh7 35. Ra8 a6 36. h4 Bd4 37. Kg2 Bxf2 38. Kxf2 Rc5 39. Kf3 h5 40. Re8
Rc3+ 41. Ke4 Rxg3 42. Re5 Kh6 43. a4 bxa4 44. Ra5 Ra3 45. Ke5 Rf6 46. f5 Ra2 47.
c4 a3 48. c5 Re2+ 49. Kf4 a2 50. Ra3 Rf2+ 51. Ke5 R2xf5+ 52. Kd4 Rf4+ 53. Kd5
R4f5+ 54. Kc4 Rc6 55. Rxa2 Rfxc5+ 56. Kd4 Rc4+ 57. Kd5 g5 58. hxg5+ Kxg5 59. Ra5
Kg4 60. Rxa6 Rxa6 61. Kxc4 h4 0-1

[Event "AUTO-OPEN-1061"]
[Site "http://www.queenalice.com/game.php?id=373507"]
[Date "2008.3.19"]
[Round "1"]
[White "Endy"]
[Black "jordanou"]
[Result "1-0"]
[WhiteElo "1893"]
[BlackElo "1580"]

1. d4 e6 2. a3 Nf6 3. e3 Ne4 4. Bd3 Nf6 5. Nc3 a6 6. b4 Nc6 7. h3 Bd6 8. Nf3 a5
9. b5 Na7 10. a4 Bb4 11. Bb2 c6 12. O-O cxb5 13. Nxb5 Nxb5 14. Bxb5 O-O 15. c3
Bd6 16. c4 Bb4 17. Ba3 Bxa3 18. Rxa3 d5 19. c5 Bd7 20. Qd3 Rc8 21. Ne5 Bxb5 22.
Qxb5 Rb8 23. Rc1 Qe7 24. Rac3 h6 25. c6 Rbc8 26. Qxb7 Rc7 27. Qb6 Rd8 28. Qxa5
Ra7 29. Qb5 Rc7 30. a5 Nd7 31. Nxd7 Rcxd7 32. cxd7 Rxd7 33. Rc8+ Kh7 34. Qd3+ f5
35. a6 Ra7 36. R1c6 Qf7 37. Qb5 Qh5 38. Rxe6 Qf7 39. Qe8 Qxe8 40. Rcxe8 h5 41.
R8e7 Ra8 42. a7 Rf8 43. Re8 Rxe8 44. Rxe8 g6 45. a8=Q Kh6 46. Rh8+ Kg5 47. g3 f4
48. exf4+ Kf5 49. Qxd5+ Kf6 50. Qe5+ Kf7 51. Rh7+ Kg8 52. Qh8# 1-0

[Event "AUTO-OPEN-1061"]
[Site "http://www.queenalice.com/game.php?id=373508"]
[Date "2008.3.19"]
[Round "1"]
[White "jordanou"]
[Black "FOS2006"]
[Result "0-1"]
[WhiteElo "1577"]
[BlackElo "1758"]

1. e4 e5 2. Nf3 d6 3. Bc4 Qe7 4. O-O Be6 5. Bxe6 Qxe6 6. Nc3 c6 7. d3 Nd7 8. Ng5
Qe7 9. b4 h6 10. Nf3 g5 11. b5 Ngf6 12. Ba3 Qd8 13. d4 exd4 14. Nxd4 c5 15. Nf5
Ne5 16. Bb2 Nc4 17. Na4 Nxb2 18. Nxb2 Qc7 19. Nc4 Rd8 20. Rb1 Nxe4 21. Re1 d5
22. b6 axb6 23. Nxb6 Qe5 24. g4 Be7 25. f3 Qd4+ 26. Nxd4 Nc3 27. Qd3 Nxb1 28.
Rxb1 cxd4 29. Qxd4 O-O 30. Na4 Rc8 31. Rxb7 Rfe8 32. Rb2 Red8 33. Nc3 Bc5 34.
Ne2 Bxd4+ 35. Nxd4 Rc4 36. Nf5 Kh7 37. Rb6 Rxc2 38. Rxh6+ Kg8 39. Rh5 f6 40.
Nh6+ Kg7 41. Nf5+ Kg8 42. Ne7+ Kg7 43. Nf5+ Kg8 44. Rh6 Re8 45. Ng3 Kg7 46. Rh5
Re1+ 47. Nf1 Rcc1 48. Kg2 Rxf1 49. h4 Rg1+ 50. Kf2 gxh4 51. Rxd5 h3 52. Rd7+ Kg6
53. f4 Rxg4 54. Kf3 Rg2 55. Rd5 Rf1+ 56. Ke4 h2 57. f5+ Kg5 58. a4 h1=Q 59. a5
Rd2+ 60. Ke3 Rxd5 0-1

[Event "AUTO-OPEN-1061"]
[Site "http://www.queenalice.com/game.php?id=373509"]
[Date "2008.3.19"]
[Round "1"]
[White "FOS2006"]
[Black "jordanou"]
[Result "0-1"]
[WhiteElo "1604"]
[BlackElo "1535"]

1. e4 e5 2. Nf3 Nc6 3. Be2 Nf6 4. d3 Bc5 5. h3 O-O 6. a3 d5 7. Nbd2 b6 8. b4 Bd4
9. Nxd4 exd4 10. exd5 Nxd5 11. Bb2 Re8 12. O-O Nf4 13. Bf3 Bd7 14. b5 Na5 15.
Bxa8 Qxa8 16. f3 Qd5 17. a4 Qg5 18. g4 Qh4 19. Ne4 Rxe4 20. dxe4 Qg3+ 0-1

[Event "Challenge"]
[Site "http://www.queenalice.com/game.php?id=376632"]
[Date "2008.3.25"]
[Round "-"]
[White "borja"]
[Black "jordanou"]
[Result "1/2-1/2"]
[WhiteElo "1390"]
[BlackElo "1578"]

1. e4 e5 2. Nf3 Nc6 3. d4 exd4 4. Nxd4 Nxd4 5. Qxd4 c5 6. Qe5+ Be7 7. Qxg7 Bf6
8. Qg3 d6 9. Bf4 Bxb2 10. Bxd6 Bxa1 11. Be5 Bxe5 12. Qxe5+ Be6 13. Qxh8 f6 14.
Qg7 Rc8 15. Bb5+ Rc6 16. Bxc6+ bxc6 17. Qxh7 Qa5+ 18. c3 Qxa2 19. O-O Qe2 20.
Na3 f5 21. exf5 Bd5 22. Qg6+ Bf7 23. Qxc6+ Kf8 24. Qxc5+ Ne7 25. f6 Qe4 26.
fxe7+ Kg7 27. Qxa7 Kf6 28. c4 Be8 29. f3 Qe2 30. c5 Qe3+ 31. Rf2 Qc1+ 32. Rf1
Qc3 33. h4 Qd4+ 34. Rf2 Qxh4 35. Rd2 Qe1+ 36. Kh2 Qxd2 37. Qa8 Kxe7 38. c6 Qh6+
39. Kg1 Bxc6 40. Qa6 Qc1+ 41. Kh2 Bd7 42. g4 Qf4+ 43. Kg2 Qe3 44. Nc4 Qe2+ 45.
Kg3 Kd8 46. g5 Be6 47. Qa8+ Ke7 48. Qb7+ Ke8 49. g6 Bxc4 50. Qe4+ Qxe4 51. fxe4
Kf8 52. Kf4 Be6 53. e5 Kg7 54. Kg5 Bd7 55. e6 1/2-1/2

[Event "Challenge"]
[Site "http://www.queenalice.com/game.php?id=376664"]
[Date "2008.3.25"]
[Round "-"]
[White "hooligan"]
[Black "jordanou"]
[Result "0-1"]
[WhiteElo "1401"]
[BlackElo "1569"]

1. e4 e5 2. Nf3 Nc6 3. a3 Nf6 4. d3 Bc5 5. h4 Ng4 6. Kd2 Nxf2 7. Qe2 Nxh1 8. d4
exd4 9. Qc4 Be7 10. g4 Ng3 11. Bg2 Nxe4+ 12. Kd3 Nd6 13. Qa4 b5 14. Qb3 Ba6 15.
Bf4 b4+ 16. Kd2 O-O 17. Ne5 Nxe5 18. Bxe5 Bc4 19. Qg3 Bxh4 20. Qf4 Qe8 21. b3
Bf6 22. Bxf6 d3 23. c3 Qe2+ 24. Kc1 Qc2# 0-1

[Event "Challenge"]
[Site "http://www.queenalice.com/game.php?id=380302"]
[Date "2008.4.1"]
[Round "-"]
[White "jordanou"]
[Black "flajoao"]
[Result "0-1"]
[WhiteElo "1578"]
[BlackElo "2113"]

1. e4 c6 2. Nc3 d5 3. exd5 cxd5 4. Nb5 a6 5. Nd4 e5 6. Ndf3 Nc6 7. d3 Nf6 8. Bf4
exf4 9. Qe2+ Be7 10. O-O-O O-O 11. g3 d4 12. gxf4 Qd5 13. Bg2 Qxa2 14. Nd2 Qa1+
15. Nb1 Bd6 16. Nf3 Bxf4+ 17. Nd2 Nb4 18. Rde1 Na2+ 19. Kd1 Qxb2 20. Qe7 Bg4+
21. f3 Nd5 22. Nc4 Nac3+ 23. Nxc3 Nxc3# 0-1